[Event "ABC-4 2025 Groep B"]
[Site "Utrecht"]
[Date "2025.03.16"]
[Round "5.4"]
[White "Hylarides, Charlie Ronald"]
[Black "Garay, Enzo"]
[Result "0-1"]
[WhiteFideId "9041758"]
[BlackFideId "8989948"]
[WhiteElo "1923"]
[BlackElo "1978"]

1. f4 {[%clk 00:55:16]} {[%emt 00:00:02]} d5 {[%clk 00:54:47]} {[%emt
00:00:34]} 2. Nf3 {[%clk 00:55:19]} {[%emt 00:00:06]} c5 {[%clk 00:54:53]}
{[%emt 00:00:05]} 3. e3 {[%clk 00:55:23]} {[%emt 00:00:06]} g6 {[%clk
00:54:47]} {[%emt 00:00:15]} 4. Bb5+ {[%clk 00:54:39]} {[%emt 00:00:55]} Nc6
{[%clk 00:54:31]} {[%emt 00:00:26]} 5. Bxc6+ {[%clk 00:54:08]} {[%emt
00:00:41]} bxc6 {[%clk 00:54:37]} {[%emt 00:00:05]} 6. O-O {[%clk 00:54:03]}
{[%emt 00:00:15]} Bg7 {[%clk 00:54:40]} {[%emt 00:00:07]} 7. d3 {[%clk
00:53:40]} {[%emt 00:00:33]} Nf6 {[%clk 00:49:30]} {[%emt 00:05:20]} 8. Nc3
{[%clk 00:52:16]} {[%emt 00:01:33]} O-O {[%clk 00:45:38]} {[%emt 00:04:03]} 9.
e4 {[%clk 00:50:20]} {[%emt 00:02:06]} Bg4 {[%clk 00:34:56]} {[%emt 00:10:53]}
10. h3 {[%clk 00:45:55]} {[%emt 00:04:34]} Bxf3 {[%clk 00:29:23]} {[%emt
00:05:44]} 11. Qxf3 {[%clk 00:45:59]} {[%emt 00:00:05]} e6 {[%clk 00:29:29]}
{[%emt 00:00:05]} 12. e5 {[%clk 00:35:14]} {[%emt 00:10:55]} Nd7 {[%clk
00:29:15]} {[%emt 00:00:24]} 13. Re1 {[%clk 00:32:49]} {[%emt 00:02:35]} Rb8
{[%clk 00:27:23]} {[%emt 00:02:02]} 14. Rb1 {[%clk 00:32:08]} {[%emt 00:00:51]}
Qe7 {[%clk 00:25:30]} {[%emt 00:02:03]} 15. Qe2 {[%clk 00:30:19]} {[%emt
00:01:59]} a5 {[%clk 00:23:26]} {[%emt 00:02:15]} 16. Na4 {[%clk 00:28:13]}
{[%emt 00:02:17]} Nb6 {[%clk 00:23:18]} {[%emt 00:00:18]} 17. Nxb6 {[%clk
00:27:02]} {[%emt 00:01:21]} Rxb6 {[%clk 00:23:23]} {[%emt 00:00:05]} 18. Bd2
{[%clk 00:25:48]} {[%emt 00:01:24]} a4 {[%clk 00:23:13]} {[%emt 00:00:20]} 19.
c4 {[%clk 00:21:50]} {[%emt 00:04:07]} Rfb8 {[%clk 00:22:55]} {[%emt 00:00:28]}
20. Ba5 {[%clk 00:20:30]} {[%emt 00:01:30]} Ra6 {[%clk 00:22:21]} {[%emt
00:00:45]} 21. Bc3 {[%clk 00:20:10]} {[%emt 00:00:29]} Rab6 {[%clk 00:17:18]}
{[%emt 00:05:13]} 22. Ba5 {[%clk 00:16:24]} {[%emt 00:03:56]} R6b7 {[%clk
00:17:23]} {[%emt 00:00:06]} 23. Qc2 {[%clk 00:16:27]} {[%emt 00:00:06]} Qh4
{[%clk 00:14:39]} {[%emt 00:02:54]} 24. Rf1 {[%clk 00:16:08]} {[%emt 00:00:29]}
Ra8 {[%clk 00:14:10]} {[%emt 00:00:39]} 25. Be1 {[%clk 00:15:47]} {[%emt
00:00:30]} Qe7 {[%clk 00:14:17]} {[%emt 00:00:03]} 26. Bf2 {[%clk 00:15:50]}
{[%emt 00:00:07]} d4 {[%clk 00:13:04]} {[%emt 00:01:22]} 27. h4 {[%clk
00:11:44]} {[%emt 00:04:16]} h5 {[%clk 00:11:47]} {[%emt 00:01:27]} 28. Qe2
{[%clk 00:11:48]} {[%emt 00:00:06]} Rab8 {[%clk 00:10:19]} {[%emt 00:01:39]} 29.
Qc2 {[%clk 00:10:19]} {[%emt 00:01:39]} Ra8 {[%clk 00:09:17]} {[%emt 00:01:13]}
30. Qe2 {[%clk 00:10:14]} {[%emt 00:00:14]} Rb6 {[%clk 00:05:47]} {[%emt
00:03:40]} 31. g4 {[%clk 00:08:50]} {[%emt 00:01:34]} hxg4 {[%clk 00:05:38]}
{[%emt 00:00:19]} 32. Qxg4 {[%clk 00:08:55]} {[%emt 00:00:05]} Rab8 {[%clk
00:05:46]} {[%emt 00:00:02]} 33. Qe2 {[%clk 00:06:13]} {[%emt 00:02:52]} Qb7
{[%clk 00:05:41]} {[%emt 00:00:15]} 34. Qc2 {[%clk 00:06:21]} {[%emt 00:00:01]}
Rxb2 {[%clk 00:04:49]} {[%emt 00:01:03]} 35. Rxb2 {[%clk 00:06:30]} {[%emt
00:00:01]} Qxb2 {[%clk 00:04:52]} {[%emt 00:00:07]} 36. Qxa4 {[%clk 00:06:34]}
{[%emt 00:00:06]} Qd2 {[%clk 00:04:51]} {[%emt 00:00:09]} 37. Qa7 {[%clk
00:05:27]} {[%emt 00:01:18]} Rb2 {[%clk 00:01:59]} {[%emt 00:03:02]} 38. Qxc5
{[%clk 00:05:06]} {[%emt 00:00:31]} Qxf4 {[%clk 00:02:07]} {[%emt 00:00:02]} 39.
Qxd4 {[%clk 00:03:23]} {[%emt 00:01:52]} Qxd4 {[%clk 00:00:31]} {[%emt
00:01:46]} 40. Bxd4 {[%clk 00:03:32]} {[%emt 00:00:01]} Rxa2 {[%clk 00:00:40]}
{[%emt 00:00:02]} 41. Rf2 {[%clk 00:03:15]} {[%emt 00:00:26]} Ra3 {[%clk
00:00:21]} {[%emt 00:00:28]} 42. Rf3 {[%clk 00:03:15]} {[%emt 00:00:11]} Ra2
{[%clk 00:00:22]} {[%emt 00:00:09]} 43. Rf2 {[%clk 00:03:23]} {[%emt 00:00:02]}
Ra8 {[%clk 00:00:31]} {[%emt 00:00:01]} 44. Bb2 {[%clk 00:01:03]} {[%emt
00:02:30]} c5 {[%clk 00:00:30]} {[%emt 00:00:12]} 45. Re2 {[%clk 00:00:31]}
{[%emt 00:00:41]} Rd8 {[%clk 00:00:38]} {[%emt 00:00:02]} 46. Ba3 {[%clk
00:00:22]} {[%emt 00:00:20]} Rxd3 {[%clk 00:00:44]} {[%emt 00:00:04]} 47. Bxc5
{[%clk 00:00:31]} {[%emt 00:00:02]} Rg3+ {[%clk 00:00:52]} {[%emt 00:00:01]} 48.
Kf2 {[%clk 00:00:26]} {[%emt 00:00:15]} Rg4 {[%clk 00:01:01]} {[%emt 00:00:02]}
49. Be7 {[%clk 00:00:29]} {[%emt 00:00:07]} Rxc4 {[%clk 00:01:04]} {[%emt
00:00:07]} 50. Kg3 {[%clk 00:00:28]} {[%emt 00:00:11]} Ra4 {[%clk 00:00:54]}
{[%emt 00:00:20]} 51. Kg2 {[%clk 00:00:28]} {[%emt 00:00:10]} Ra5 {[%clk
00:01:00]} {[%emt 00:00:04]} 52. Bd6 {[%clk 00:00:36]} {[%emt 00:00:03]} Rd5
{[%clk 00:01:08]} {[%emt 00:00:02]} 53. Kf3 {[%clk 00:00:38]} {[%emt 00:00:08]}
Bf8 {[%clk 00:01:04]} {[%emt 00:00:14]} 54. Bxf8 {[%clk 00:00:41]} {[%emt
00:00:07]} Kxf8 {[%clk 00:01:13]} {[%emt 00:00:01]} 55. Ke4 {[%clk 00:00:49]}
{[%emt 00:00:02]} Ra5 {[%clk 00:01:20]} {[%emt 00:00:03]} 56. Kf4 {[%clk
00:00:52]} {[%emt 00:00:07]} Kg7 {[%clk 00:01:26]} {[%emt 00:00:04]} 57. Kg5
{[%emt 00:00:10]} Ra1 {[%clk 00:01:31]} 58. Re4 {[%clk 00:00:54]} {[%emt
00:00:14]} Rf1 {[%clk 00:01:38]} {[%emt 00:00:03]} 59. Kg4 {[%clk 00:01:01]}
{[%emt 00:00:03]} Rf5 {[%clk 00:01:46]} {[%emt 00:00:02]} 60. Re3 {[%clk
00:01:06]} {[%emt 00:00:05]} Kf8 {[%clk 00:01:53]} {[%emt 00:00:03]} 61. Re1
{[%clk 00:00:39]} {[%emt 00:00:37]} Ke7 {[%clk 00:02:01]} {[%emt 00:00:03]} 62.
Re2 {[%clk 00:00:43]} {[%emt 00:00:05]} Kd7 {[%clk 00:02:10]} {[%emt 00:00:01]}
63. Rd2+ {[%clk 00:00:36]} {[%emt 00:00:17]} Kc6 {[%clk 00:02:16]} {[%emt
00:00:04]} 64. Rd6+ {[%clk 00:00:44]} {[%emt 00:00:01]} Kc5 {[%clk 00:02:25]}
{[%emt 00:00:01]} 65. Rd7 {[%clk 00:00:53]} {[%emt 00:00:01]} Kc6 {[%clk
00:02:15]} {[%emt 00:00:20]} 66. Rd6+ {[%clk 00:01:01]} {[%emt 00:00:02]} Kc7
{[%emt 00:00:08]} 67. Ra6 {[%clk 00:01:04]} Kd7 {[%clk 00:02:32]} {[%emt
00:00:02]} 68. Ra5 {[%clk 00:01:00]} {[%emt 00:00:14]} Ke7 {[%clk 00:02:30]}
{[%emt 00:00:12]} 69. Ra7+ {[%clk 00:01:05]} {[%emt 00:00:05]} Kf8 {[%clk
00:02:39]} 70. Ra5 {[%clk 00:01:08]} {[%emt 00:00:08]} Kg7 {[%clk 00:02:48]}
{[%emt 00:00:01]} 71. Rb5 {[%clk 00:01:11]} {[%emt 00:00:06]} g5 {[%clk
00:02:01]} {[%emt 00:00:57]} 72. hxg5 {[%clk 00:01:10]} {[%emt 00:00:11]} Kg6
{[%clk 00:02:11]} 73. Ra5 {[%clk 00:00:48]} {[%emt 00:00:33]} Rxg5+ {[%clk
00:02:15]} {[%emt 00:00:06]} 74. Kf4 {[%clk 00:00:57]} f6 {[%clk 00:02:12]}
{[%emt 00:00:12]} 75. Rc5 {[%clk 00:00:41]} {[%emt 00:00:26]} f5 {[%clk
00:01:57]} {[%emt 00:00:26]} 76. Rc8 {[%clk 00:00:45]} {[%emt 00:00:05]} Rg4+
{[%clk 00:02:05]} {[%emt 00:00:01]} 77. Kf3 {[%clk 00:00:54]} {[%emt 00:00:01]}
Re4 {[%clk 00:02:14]} {[%emt 00:00:01]} 78. Rc5 {[%clk 00:00:59]} {[%emt
00:00:05]} Re1 {[%clk 00:02:22]} {[%emt 00:00:02]} 79. Kf2 {[%clk 00:01:05]}
{[%emt 00:00:05]} Re4 {[%clk 00:02:30]} {[%emt 00:00:02]} 80. Kf3 {[%clk
00:01:13]} {[%emt 00:00:02]} Kg5 {[%clk 00:02:36]} {[%emt 00:00:04]} 81. Ra5
{[%clk 00:01:20]} {[%emt 00:00:03]} Rf4+ {[%clk 00:02:29]} {[%emt 00:00:18]} 82.
Kg3 {[%clk 00:01:24]} {[%emt 00:00:06]} Rb4 {[%clk 00:02:36]} {[%emt 00:00:02]}
83. Kf3 {[%clk 00:01:24]} {[%emt 00:00:09]} f4 {[%clk 00:02:44]} {[%emt
00:00:03]} 84. Ra6 {[%clk 00:01:26]} {[%emt 00:00:08]} Kf5 {[%clk 00:02:53]}
{[%emt 00:00:01]} 85. Ra5 {[%clk 00:01:28]} {[%emt 00:00:08]} Rb3+ {[%clk
00:03:02]} {[%emt 00:00:01]} 86. Kf2 {[%clk 00:01:35]} {[%emt 00:00:02]} Re3
{[%clk 00:03:10]} {[%emt 00:00:01]} 0-1

[Event "ABC-4 2025 Groep B"]
[Site "Utrecht"]
[Date "2025.03.16"]
[Round "5.5"]
[White "Kshirsagar, Pranav"]
[Black "Haque, Nishaaz"]
[Result "0-1"]
[WhiteFideId "8887615"]
[BlackFideId "8874591"]
[WhiteElo "2161"]
[BlackElo "1874"]

1. d4 {[%clk 00:51:28]} {[%emt 00:03:51]} d5 {[%clk 00:55:13]} {[%emt
00:00:07]} 2. c4 {[%clk 00:50:59]} {[%emt 00:00:39]} e6 {[%clk 00:55:18]}
{[%emt 00:00:05]} 3. Nf3 {[%clk 00:51:06]} {[%emt 00:00:03]} a6 {[%clk
00:55:19]} {[%emt 00:00:10]} 4. Bg5 {[%clk 00:51:09]} {[%emt 00:00:07]} Be7
{[%clk 00:55:21]} {[%emt 00:00:08]} 5. Bxe7 {[%clk 00:51:13]} {[%emt 00:00:06]}
Qxe7 {[%clk 00:55:24]} {[%emt 00:00:07]} 6. cxd5 {[%clk 00:50:40]} {[%emt
00:00:44]} exd5 {[%clk 00:55:23]} {[%emt 00:00:10]} 7. Nbd2 {[%clk 00:50:45]}
{[%emt 00:00:05]} Nf6 {[%clk 00:55:19]} {[%emt 00:00:14]} 8. e3 {[%clk
00:50:50]} {[%emt 00:00:05]} Bf5 {[%clk 00:54:25]} {[%emt 00:01:04]} 9. Be2
{[%clk 00:47:28]} {[%emt 00:03:31]} O-O {[%clk 00:52:51]} {[%emt 00:01:43]} 10.
Qb3 {[%clk 00:45:58]} {[%emt 00:01:40]} c6 {[%clk 00:52:25]} {[%emt 00:00:37]}
11. O-O {[%clk 00:44:31]} {[%emt 00:01:36]} Ne8 {[%clk 00:50:20]} {[%emt
00:02:15]} 12. Ne5 {[%clk 00:35:28]} {[%emt 00:09:13]} Nd6 {[%clk 00:46:17]}
{[%emt 00:04:14]} 13. Rac1 {[%emt 00:03:48]} Nd7 {[%clk 00:45:15]} 14. Nxd7
{[%clk 00:28:30]} {[%emt 00:04:43]} Qxd7 {[%clk 00:43:41]} {[%emt 00:01:44]} 15.
Qb6 {[%clk 00:26:06]} {[%emt 00:02:33]} Rfe8 {[%clk 00:35:09]} {[%emt
00:08:41]} 16. Nb3 {[%clk 00:24:15]} {[%emt 00:02:02]} Qe7 {[%clk 00:28:02]}
{[%emt 00:07:17]} 17. Nc5 {[%clk 00:18:29]} {[%emt 00:05:56]} Rab8 {[%clk
00:20:17]} {[%emt 00:07:55]} 18. Bf3 {[%clk 00:14:17]} {[%emt 00:04:23]} Nc4
{[%clk 00:19:15]} {[%emt 00:01:11]} 19. Qb4 {[%clk 00:14:06]} {[%emt 00:00:20]}
a5 {[%clk 00:18:05]} {[%emt 00:01:21]} 20. Qc3 {[%clk 00:13:29]} {[%emt
00:00:46]} b6 {[%clk 00:16:03]} {[%emt 00:02:12]} 21. Nb3 {[%clk 00:11:54]}
{[%emt 00:01:44]} Qb4 {[%clk 00:13:11]} {[%emt 00:03:03]} 22. Be2 {[%clk
00:07:31]} {[%emt 00:04:33]} b5 {[%clk 00:11:58]} {[%emt 00:01:23]} 23. Bxc4
{[%clk 00:05:38]} {[%emt 00:02:03]} bxc4 {[%clk 00:10:10]} {[%emt 00:01:58]} 24.
Nxa5 {[%clk 00:04:39]} {[%emt 00:01:10]} Qxc3 {[%clk 00:10:02]} {[%emt
00:00:18]} 25. Rxc3 {[%clk 00:03:35]} {[%emt 00:01:14]} Rxb2 {[%clk 00:09:50]}
{[%emt 00:00:20]} 26. Nxc6 {[%clk 00:02:47]} {[%emt 00:00:59]} Rxa2 {[%clk
00:09:49]} {[%emt 00:00:11]} 27. Nb4 {[%clk 00:02:08]} {[%emt 00:00:49]} Ra5
{[%clk 00:09:54]} {[%emt 00:00:04]} 28. Nc6 {[%clk 00:02:06]} {[%emt 00:00:13]}
Ra4 {[%clk 00:09:18]} {[%emt 00:00:47]} 29. f3 {[%clk 00:01:27]} {[%emt
00:00:49]} Kf8 {[%clk 00:07:51]} {[%emt 00:01:37]} 30. Re1 {[%clk 00:00:57]}
{[%emt 00:00:40]} Rc8 {[%clk 00:07:39]} {[%emt 00:00:21]} 31. Ne5 {[%clk
00:00:56]} {[%emt 00:00:12]} f6 {[%clk 00:07:46]} {[%emt 00:00:04]} 32. Ng4
{[%clk 00:00:31]} {[%emt 00:00:35]} Bxg4 {[%clk 00:07:52]} {[%emt 00:00:04]} 33.
fxg4 {[%clk 00:00:40]} Re8 {[%clk 00:07:51]} {[%emt 00:00:10]} 34. Kf2 {[%clk
00:00:23]} {[%emt 00:00:27]} Re4 {[%clk 00:07:32]} {[%emt 00:00:29]} 35. Kf3
{[%clk 00:00:30]} {[%emt 00:00:05]} Ra5 {[%clk 00:05:35]} {[%emt 00:02:06]} 36.
Rb1 {[%clk 00:00:21]} {[%emt 00:00:19]} Re7 {[%clk 00:05:15]} {[%emt 00:00:30]}
37. Kf4 {[%clk 00:00:21]} {[%emt 00:00:11]} Kf7 {[%clk 00:04:46]} {[%emt
00:00:39]} 38. h4 {[%clk 00:00:26]} {[%emt 00:00:05]} Ra2 {[%clk 00:04:27]}
{[%emt 00:00:29]} 39. Kf3 {[%clk 00:00:23]} {[%emt 00:00:13]} Ra5 {[%clk
00:04:18]} {[%emt 00:00:18]} 40. Kf4 {[%clk 00:00:19]} {[%emt 00:00:14]} Ra2
{[%clk 00:04:27]} {[%emt 00:00:01]} 41. Kg3 {[%clk 00:00:23]} {[%emt 00:00:06]}
Ra5 {[%clk 00:03:51]} {[%emt 00:00:46]} 42. Kf3 {[%clk 00:00:32]} Kg6 {[%clk
00:03:21]} {[%emt 00:00:40]} 43. g3 {[%clk 00:00:30]} {[%emt 00:00:13]} h5
{[%clk 00:02:29]} {[%emt 00:01:02]} 44. gxh5+ {[%clk 00:00:22]} {[%emt
00:00:19]} Kxh5 {[%clk 00:02:37]} {[%emt 00:00:01]} 45. Kf4 {[%clk 00:00:24]}
{[%emt 00:00:09]} Re4+ {[%clk 00:02:03]} {[%emt 00:00:44]} 46. Kf3 {[%clk
00:00:28]} {[%emt 00:00:06]} Re7 {[%clk 00:01:54]} {[%emt 00:00:19]} 47. Rb8
{[%clk 00:00:26]} {[%emt 00:00:12]} f5 {[%clk 00:00:43]} {[%emt 00:01:20]} 48.
Kf4 {[%clk 00:00:16]} {[%emt 00:00:21]} Re4+ {[%clk 00:00:13]} {[%emt
00:00:39]} 49. Kf3 {[%clk 00:00:15]} {[%emt 00:00:11]} Kg6 {[%clk 00:00:16]}
{[%emt 00:00:07]} 50. Rb6+ {[%clk 00:00:21]} {[%emt 00:00:04]} Kf7 {[%clk
00:00:21]} {[%emt 00:00:05]} 51. h5 {[%clk 00:00:16]} {[%emt 00:00:17]} Rg4
{[%clk 00:00:21]} {[%emt 00:00:09]} 52. Rb7+ {[%clk 00:00:13]} {[%emt
00:00:13]} Kf6 {[%clk 00:00:24]} {[%emt 00:00:06]} 53. Rb8 {[%clk 00:00:20]}
{[%emt 00:00:05]} Kg5 {[%clk 00:00:24]} {[%emt 00:00:09]} 54. Rh8 {[%clk
00:00:25]} {[%emt 00:00:05]} Ra1 {[%clk 00:00:23]} {[%emt 00:00:11]} 55. h6
{[%clk 00:00:14]} {[%emt 00:00:22]} gxh6 {[%clk 00:00:25]} {[%emt 00:00:08]} 56.
Rg8+ {[%clk 00:00:21]} {[%emt 00:00:03]} Kh5 {[%clk 00:00:30]} {[%emt
00:00:05]} 57. Rxg4 {[%clk 00:00:30]} {[%emt 00:00:01]} fxg4+ {[%clk 00:00:39]}
{[%emt 00:00:01]} 58. Kf4 {[%clk 00:00:39]} {[%emt 00:00:01]} Rf1+ {[%clk
00:00:47]} {[%emt 00:00:02]} 59. Ke5 {[%clk 00:00:43]} {[%emt 00:00:06]} Rf3
{[%clk 00:00:56]} 60. Kxd5 {[%clk 00:00:38]} {[%emt 00:00:15]} Rxg3 {[%clk
00:01:05]} 61. Ke4 {[%clk 00:00:25]} {[%emt 00:00:24]} Rf3 {[%clk 00:00:47]}
{[%emt 00:00:27]} 62. d5 {[%clk 00:00:33]} {[%emt 00:00:03]} Rf8 {[%clk
00:00:38]} {[%emt 00:00:19]} 63. Rxc4 {[%clk 00:00:15]} {[%emt 00:00:29]} g3
{[%clk 00:00:45]} {[%emt 00:00:02]} 64. Rc7 {[%clk 00:00:16]} {[%emt 00:00:10]}
Rg8 {[%emt 00:00:26]} 65. Rc1 {[%clk 00:00:23]} Kg4 {[%clk 00:00:28]} {[%emt
00:00:14]} 66. Rg1 {[%clk 00:00:17]} {[%emt 00:00:16]} h5 {[%emt 00:00:06]} 67.
d6 {[%clk 00:00:26]} h4 {[%clk 00:00:40]} {[%emt 00:00:02]} 68. Kd5 {[%emt
00:00:10]} h3 {[%clk 00:00:45]} {[%emt 00:00:03]} 69. d7 {[%clk 00:00:26]}
{[%emt 00:00:13]} h2 {[%clk 00:00:51]} {[%emt 00:00:04]} 70. Rb1 {[%clk
00:00:24]} {[%emt 00:00:12]} g2 {[%clk 00:00:58]} {[%emt 00:00:04]} 71. Kd6
{[%emt 00:00:15]} g1=Q {[%emt 00:00:10]} 72. Rb4+ {[%clk 00:00:27]} {[%emt
00:00:05]} Kf3 {[%clk 00:00:56]} {[%emt 00:00:08]} 73. Ke7 {[%clk 00:00:30]}
{[%emt 00:00:08]} h1=Q {[%clk 00:00:58]} {[%emt 00:00:08]} 0-1

[Event "ABC-4 2025 Groep B"]
[Site "Utrecht"]
[Date "2025.03.16"]
[Round "5.6"]
[White "Hallibert, Emilien"]
[Black "Deij, Casper"]
[Result "1-0"]
[WhiteFideId "8872523"]
[BlackFideId "8844990"]
[WhiteElo "2003"]
[BlackElo "1673"]

1. c4 {[%clk 00:55:19]} c6 {[%clk 00:55:17]} {[%emt 00:00:04]} 2. d4 {[%clk
00:55:23]} {[%emt 00:00:05]} d5 {[%clk 00:55:24]} {[%emt 00:00:04]} 3. Nc3
{[%clk 00:55:29]} {[%emt 00:00:04]} Nf6 {[%clk 00:55:30]} {[%emt 00:00:04]} 4.
Nf3 {[%clk 00:55:34]} {[%emt 00:00:04]} e6 {[%clk 00:55:37]} {[%emt 00:00:04]}
5. Bg5 {[%clk 00:55:40]} {[%emt 00:00:04]} Nbd7 {[%clk 00:55:39]} {[%emt
00:00:07]} 6. e3 {[%clk 00:55:47]} {[%emt 00:00:02]} Be7 {[%clk 00:55:43]}
{[%emt 00:00:06]} 7. Qc2 {[%clk 00:55:42]} {[%emt 00:00:15]} O-O {[%clk
00:55:43]} {[%emt 00:00:10]} 8. O-O-O {[%clk 00:55:41]} {[%emt 00:00:11]} b6
{[%clk 00:54:22]} {[%emt 00:01:32]} 9. Kb1 {[%clk 00:54:21]} {[%emt 00:01:29]}
a5 {[%clk 00:51:51]} {[%emt 00:02:42]} 10. e4 {[%clk 00:48:15]} {[%emt
00:06:16]} dxe4 {[%clk 00:48:28]} {[%emt 00:03:33]} 11. Nxe4 {[%clk 00:48:15]}
{[%emt 00:00:09]} Nxe4 {[%clk 00:47:46]} {[%emt 00:00:53]} 12. Bxe7 {[%clk
00:48:19]} {[%emt 00:00:06]} Qxe7 {[%clk 00:47:50]} {[%emt 00:00:06]} 13. Qxe4
{[%clk 00:48:25]} {[%emt 00:00:03]} Bb7 {[%clk 00:47:40]} {[%emt 00:00:20]} 14.
Bd3 {[%clk 00:47:12]} {[%emt 00:01:23]} Nf6 {[%clk 00:46:34]} {[%emt 00:01:16]}
15. Qe2 {[%clk 00:43:47]} {[%emt 00:03:35]} c5 {[%clk 00:43:56]} {[%emt
00:02:49]} 16. d5 {[%clk 00:35:28]} {[%emt 00:08:29]} Rfe8 {[%clk 00:41:40]}
{[%emt 00:02:25]} 17. Rhe1 {[%clk 00:34:01]} {[%emt 00:01:37]} Qc7 {[%clk
00:38:51]} {[%emt 00:02:59]} 18. d6 {[%clk 00:30:35]} {[%emt 00:03:37]} Bxf3
{[%clk 00:34:01]} {[%emt 00:05:00]} 19. Qxf3 {[%clk 00:29:26]} {[%emt
00:01:19]} Qd7 {[%clk 00:32:22]} {[%emt 00:01:49]} 20. g4 {[%clk 00:28:10]}
{[%emt 00:01:26]} Red8 {[%clk 00:30:00]} {[%emt 00:02:32]} 21. g5 {[%clk
00:27:27]} {[%emt 00:00:53]} Ne8 {[%clk 00:29:54]} {[%emt 00:00:16]} 22. Be4
{[%clk 00:27:35]} {[%emt 00:00:03]} Rac8 {[%clk 00:29:33]} {[%emt 00:00:28]} 23.
Bb7 {[%clk 00:27:38]} {[%emt 00:00:10]} Rb8 {[%clk 00:29:22]} {[%emt 00:00:21]}
24. Bc6 {[%clk 00:27:43]} {[%emt 00:00:04]} Qa7 {[%clk 00:28:59]} {[%emt
00:00:33]} 25. Qf4 {[%clk 00:24:15]} {[%emt 00:03:38]} Kf8 {[%clk 00:21:46]}
{[%emt 00:07:22]} 26. Rxe6 {[%clk 00:23:03]} {[%emt 00:01:22]} Qa6 {[%clk
00:20:00]} {[%emt 00:01:57]} 27. Rxe8+ {[%clk 00:22:53]} {[%emt 00:00:20]} Rxe8
{[%clk 00:20:01]} {[%emt 00:00:08]} 28. Bxe8 {[%clk 00:22:58]} {[%emt
00:00:05]} Rxe8 {[%clk 00:19:59]} {[%emt 00:00:12]} 29. d7 {[%clk 00:22:50]}
{[%emt 00:00:18]} Rd8 {[%clk 00:19:56]} {[%emt 00:00:13]} 30. Qd6+ {[%clk
00:22:59]} Kg8 {[%clk 00:19:53]} {[%emt 00:00:13]} 31. Qe7 {[%clk 00:22:52]}
{[%emt 00:00:17]} Qa8 {[%clk 00:19:42]} {[%emt 00:00:21]} 32. Re1 {[%clk
00:22:58]} {[%emt 00:00:04]} a4 {[%clk 00:19:20]} {[%emt 00:00:32]} 33. Qxd8+
{[%clk 00:23:01]} {[%emt 00:00:07]} Qxd8 {[%clk 00:19:25]} {[%emt 00:00:05]} 34.
Re8+ {[%clk 00:23:06]} {[%emt 00:00:05]} Qxe8 {[%clk 00:19:30]} {[%emt
00:00:04]} 35. dxe8=Q# {[%clk 00:23:06]} {[%emt 00:00:11]} 1-0